header

An introduction to politics, state and society (Record no. 232077)

MARC details
000 -LEADER
fixed length control field 01295nam a2200337Ia 4500
100 1# - MAIN ENTRY--AUTHOR NAME
Personal name McAuley, James W.
245 13 - TITLE STATEMENT
Title An introduction to politics, state and society
260 ## - PUBLICATION, DISTRIBUTION, ETC. (IMPRINT)
Place of publication Thousand Oaks, Calif. ;
-- London :
Name of publisher Sage Publications,
Year of publication 2003.
300 ## - PHYSICAL DESCRIPTION
Number of Pages 232 p.
650 #0 - SUBJECT ADDED ENTRY--TOPICAL TERM
Topical Term Political science.
Topical Term State, The.
Topical Term Sociology.
856 40 - ELECTRONIC LOCATION AND ACCESS
Uniform Resource Identifier http://site.ebrary.com/lib/rucke/Doc?id=10218312

No items available.

© 2026 Rongo University
Contact us: librarian | system librarian | Rongo university